| 000 | 00441nam a22001697a 4500 | ||
|---|---|---|---|
| 003 | NUST - PNEC | ||
| 005 | 20170116181007.0 | ||
| 008 | 150912b xxu||||| |||| 00| 0 eng d | ||
| 020 | _a0534005802 | ||
| 040 | _cLIBRARY | ||
| 082 | _a005.13 MIZ | ||
| 100 |
_99883 _aJan Lee Mize |
||
| 245 |
_aEssentials of structured Cobol programming _cJan Lee Mize |
||
| 260 | _cc.1978 | ||
| 650 |
_916795 _xMIS _aProgramming Language |
||
| 942 |
_2ddc _cBK |
||
| 999 |
_c66926 _d66926 |
||